Types of FDI and Determinants of Affiliate Size: the Classification Makes the Difference

Úloha klasifikácie typov priamych zahraničných investícií (PZI) pri analýze relevantnosti produktivity pre veľkosť cezhraničných investícií z hľadiska pracovnej sily zahraničnej dcérskej spoločnosti. Okrem údajov o konvenčných prístupoch ku klasifikácii typov PZI zahŕňajú údaje z prieskumu sebahodno...

Descrizione completa

Salvato in:
Dettagli Bibliografici
Autore principale: Moritz, Michael
Altri autori: Hecht, Veronika, Noska, Patricia, Schäffler, Johannes
Natura: Capitolo di libro
Lingua:inglese
Soggetti:
Tags: Aggiungi Tag
Nessun Tag, puoi essere il primo ad aggiungerne!!

MARC

LEADER 00000naa a2200000 4500
001 0272140
005 20210222111804.1
041 0 |a eng 
044 |a CZ 
245 1 0 |a Types of FDI and Determinants of Affiliate Size: the Classification Makes the Difference  |c Michael Moritz, Veronika Hecht, Patricia Noska, Johannes Schäffler 
520 |a Úloha klasifikácie typov priamych zahraničných investícií (PZI) pri analýze relevantnosti produktivity pre veľkosť cezhraničných investícií z hľadiska pracovnej sily zahraničnej dcérskej spoločnosti. Okrem údajov o konvenčných prístupoch ku klasifikácii typov PZI zahŕňajú údaje z prieskumu sebahodnotenie firiem z hľadiska investičných motívov a informácie o vnútropodnikovom obchode. 
610 2 0 |a investície priame zahraničné 
610 2 0 |a klasifikácia 
610 2 0 |a podnik medzinárodný 
610 2 0 |a produktivita 
100 1 |a Moritz, Michael 
700 1 |a Hecht, Veronika 
700 1 |a Noska, Patricia 
700 1 |a Schäffler, Johannes